岩手県の市町村(1968年) - Statistics

General Stats
  • This quiz has been taken 22 times
  • The average score is 41 of 63
Answer Stats
コード 市町村 備考 % Correct
03201 盛岡市
100%
03205 花巻市
93%
03208 遠野市
93%
03209 一関市
93%
03203 大船渡市
86%
03206 北上市
86%
03210 陸前高田市
86%
03211 釜石市
86%
03202 宮古市
79%
03207 久慈市
79%
03321 紫波郡紫波町
79%
03322 紫波郡矢巾町
79%
03402 西磐井郡平泉町
79%
03483 下閉伊郡岩泉町
79%
03204 水沢市 2006年消滅
71%
03301 岩手郡雫石町
71%
03302 岩手郡葛巻町
71%
03303 岩手郡岩手町
71%
03305 岩手郡滝沢村 2014年昇格
71%
03461 上閉伊郡大槌町
71%
03482 下閉伊郡山田町
71%
03484 下閉伊郡田野畑村
71%
03485 下閉伊郡普代村
71%
03501 九戸郡軽米町
71%
03503 九戸郡野田村
71%
03506 九戸郡九戸村
71%
03212 江刺市 2006年消滅
64%
03306 岩手郡松尾村 2005年消滅
64%
03381 胆沢郡金ケ崎町
64%
03383 胆沢郡胆沢町 2006年消滅
64%
03441 気仙郡住田町
64%
03442 気仙郡三陸町 2001年消滅
64%
03462 上閉伊郡宮守村 2005年消滅
64%
03481 下閉伊郡田老町 2005年消滅
64%
03502 九戸郡種市町 2006年消滅
64%
03521 二戸郡浄法寺町 2006年消滅
64%
03524 二戸郡一戸町
64%
03304 岩手郡西根町 2005年消滅
57%
03307 岩手郡玉山村 2006年消滅
57%
03323 紫波郡都南村 1992年消滅
57%
03363 和賀郡湯田町 2005年消滅
57%
03382 胆沢郡前沢町 2006年消滅
57%
03384 胆沢郡衣川村 2006年消滅
57%
03487 下閉伊郡川井村 2010年消滅
57%
03504 九戸郡山形村 2006年消滅
57%
03505 九戸郡大野村 2006年消滅
57%
03522 二戸郡福岡町 1972年消滅
57%
03523 二戸郡安代町 2002年郡変更
57%
03362 和賀郡和賀町 1991年消滅
50%
03365 和賀郡沢内村 2005年消滅
50%
03401 西磐井郡花泉町 2005年消滅
50%
03422 東磐井郡藤沢町 2011年消滅
50%
03423 東磐井郡千厩町 2005年消滅
50%
03425 東磐井郡室根村 2005年消滅
50%
03426 東磐井郡川崎村 2005年消滅
50%
03525 二戸郡金田一村 1972年消滅
50%
03341 稗貫郡大迫町 2006年消滅
43%
03342 稗貫郡石鳥谷町 2006年消滅
43%
03361 和賀郡東和町 2006年消滅
43%
03364 和賀郡江釣子村 1991年消滅
43%
03421 東磐井郡大東町 2005年消滅
43%
03486 下閉伊郡新里村 2005年消滅
43%
03424 東磐井郡東山町 2005年消滅
36%
No matching quizzes found
Score Distribution
Percent of People with Each Score
Percentile by Number Answered
Your Score History
You have not taken this quiz